Łacina szlachty Prus Królewskich w XVI i XVII wieku
| Titel: | Łacina szlachty Prus Królewskich w XVI i XVII wieku |
|---|---|
| Verfasser: | |
| In: |
Łacina jako je̜zyk elit, (2004), Seite 121-129 alle Artikel anzeigen |
| Veröffentlicht: | 2004 |
| Format: | Aufsatz |
| Sprache: | Polnisch |
X
alg: 39409692
001A $01999:12-11-16
001B $01999:01-06-17 $t17:31:32.000
001D $01999:12-11-16
001U $0utf8
001X $00
002@ $0Aox
003@ $0394096924
007A $0394096924 $aHEB
007T $0Herdk64840
010@ $apol
011@ $a2004
021A $aŁacina szlachty Prus Królewskich w XVI i XVII wieku
028A $71070109878 $8Szczuczko, Witold$Z1947-2012 [Tp1] $9358377374
031A $h121-129 $j2004
039B $aIn $8--Aau--. Łacina jako je̜zyk elit. - Warszawa : DiG {[u.a.], 2004. - 516 S.. - ISBN 83-7181-321-X $x200400000000000879 $9126525862
lok: 39409692 78
exp: 39409692 78 1 #EPN
201B/01 $018-11-16 $t10:36:09.000
201U/01 $0utf8
203@/01 $0790207443
208@/01 $a12-11-16 $be
209A/01 $a/ $f000 $x00
220C/01 $aTitelaufnehmer: pbb
220C/01 $aHerkunft: IH PAN/PBB Kraków
244Z/01 $2Trx $#Prusy Wschodnie i Zachodnie $8--Trx--Ost- und Westpreußen $x01 $939113373X
244Z/01 $2Trx $#Poola $#Lenkija $#Polija $#Polen Land $#Poland $#Lengyelország $#Poľsko $#Polsko $8--Trx--Polska$gkraj $x02 $9391345966
244Z/01 $2Trx $#Prūsijos Karalystė $#Royal Prussia $#Prusy Królewskie $#Prusko královské $#Prusko král'ovské $#Polnisch-Preußen $8--Trx--Preußen$gKönigliches $x03 $9391296930
244Z/01 $2Trx $8--Trx--Einzelbeiträge $x04 $9391384570
247C/01 $82080>Marburg/Lahn, Herder-Institut, Forschungsbibliothek, Bibliographieportal $9336309341
| LEADER | 00000caa a22000002c 4500 | ||
|---|---|---|---|
| 001 | 394096924 | ||
| 003 | DE-603 | ||
| 005 | 20170601173132.0 | ||
| 007 | tu | ||
| 008 | 161112s2004 xx |||| | u00||u|pol c | ||
| 035 | |a (DE-599)HEB394096924 | ||
| 040 | |a DE-603 |b ger |c DE-603 |d DE-603 | ||
| 041 | |a pol | ||
| 100 | 1 | |a Szczuczko, Witold |d 1947-2012 |0 (DE-603)358377374 |0 (DE-588)1070109878 |2 gnd | |
| 245 | 0 | 0 | |a Łacina szlachty Prus Królewskich w XVI i XVII wieku |
| 264 | 0 | |c 2004 | |
| 773 | 0 | 8 | |i In |t Łacina jako je̜zyk elit |d Warszawa : DiG [u.a.], 2004 |h 516 S. |z 837181321X |g (2004), Seite 121-129 |w (DE-603)126525862 |
| 924 | 0 | |9 2080 |a (DE-603)790207443 |b DE-2080 |c HES |d d |g / | |


